000 00769cam a22002291 4500
999 _c41266
_d41266
001 1695765
003 ARRUPE
005 20170927122638.0
008 720601s1964 nyua b 000 0 eng
010 _a 64011729
040 _aDLC
_cDLC
_dDLC
050 0 0 _aGN31
_b.O4
082 0 0 _a572.02
100 1 _aOliver, Douglas L.
_936432
245 1 0 _aInvitation to anthropology.
260 _aGarden City, N.Y.,
_bPublished for American Museum of Natural History [by] Natural History Press,
_c1964.
300 _axvi, 102 p.
_billus.
_c18 cm.
490 0 _aAmerican museum science books ;
_vB5
504 _aBibliography: p. [92]-97.
650 0 _aAnthropology
_xOutlines, syllabi, etc.
_936255
906 _a7
_bcbc
_corignew
_du
_eocip
_f19
_gy-gencatlg
942 _2lcc
_cMONOGRAPH